Xã hội học dân số
Giới thiệu nhập môn xã hội học dân số. Các quá trình dân số trên thế giới và ở Việt Nam. Sinh đẻ và tử vong. Di dân và đô thị hóa. Chính sách dân số
Αποθηκεύτηκε σε:
| Κύριος συγγραφέας: | |
|---|---|
| Μορφή: | Βιβλίο |
| Γλώσσα: | Undetermined |
| Έκδοση: |
Hà Nội
Đại học Quốc gia Hà Nội
2009
|
| Θέματα: | |
| Ετικέτες: |
Προσθήκη ετικέτας
Δεν υπάρχουν, Καταχωρήστε ετικέτα πρώτοι!
|
| Thư viện lưu trữ: | Trung tâm Học liệu Trường Đại học Cần Thơ |
|---|
| LEADER | 00936nam a2200241Ia 4500 | ||
|---|---|---|---|
| 001 | CTU_237522 | ||
| 008 | 210402s9999 xx 000 0 und d | ||
| 020 | |c 25000 | ||
| 082 | |a 304.6 | ||
| 082 | |b A107 | ||
| 100 | |a Đặng, Nguyên Anh | ||
| 245 | 0 | |a Xã hội học dân số | |
| 245 | 0 | |c Đặng Nguyên Anh | |
| 260 | |a Hà Nội | ||
| 260 | |b Đại học Quốc gia Hà Nội | ||
| 260 | |c 2009 | ||
| 520 | |a Giới thiệu nhập môn xã hội học dân số. Các quá trình dân số trên thế giới và ở Việt Nam. Sinh đẻ và tử vong. Di dân và đô thị hóa. Chính sách dân số | ||
| 526 | |a Dân số và phát triển | ||
| 526 | |b XH137 | ||
| 650 | |a Nghiên cứu dân số,Population research | ||
| 650 | |z Việt Nam,Vietnam | ||
| 910 | |b dqhieu | ||
| 980 | |a Trung tâm Học liệu Trường Đại học Cần Thơ | ||